Statistics for Guess The Character (animated movies)

Click here to take the quiz!

General Stats

  • This quiz has been taken 99 times
  • The average score is 13 of 15

Answer Stats

Answer% Correct
batman
100%
hulk
99%
spiderman
99%
superman
99%
joker
98%
cinderella
92%
ironman
91%
captain america
90%
thor
86%
robin
83%
deadpool
79%
groot
78%
supergirl
77%
bob
66%
ralph
22%

Score Distribution

Percentile by Number Answered

Percent of People with Each Score

Your Score History

You have not taken this quiz